Quizzes
Events
Quiz Creation
Community
Videos
Private Events
Remove Ads
Sign In
Join for FREE
Feedback
Dark Mode
Quiz Categories
Sports
Geography
Music
Movies
Television
Just For Fun
Miscellaneous
History
Literature
Language
Science
Gaming
Entertainment
Religion
Holiday
For Kids
Quiz Lab
Recent
Popular Today
Quiz Kudos Today
Editor Picks
Curator Picks
Quizzes by...
Day
Popularity
Type
Ratings
Length
Year
Community
Subscriptions
Recent Discussions
Orange Saloon
Badges
Playlists
Quests
Create
Leaderboards
Showdown
Live 5
Trivia Bingo
Activity
Puzzle Library
Sporcle Events
Private Events
Virtual Trivia
Globe League
Become a Host
Pub Owners
SporcleCon
Opinionation
Our Games
Videos
Blog
Mobile Apps
Partnerships
Remove Ads and Go Orange
Feedback
Music
Pop Music
The Beatles
Song
Album
Lyrics
Bands
Singers
Artist
Clip
Rock
Rap
Classical
Billboard
Country Music
Kpop
Taylor Swift
Music
Pop Music
The Beatles
Song
Album
Lyrics
Bands
Singers
Artist
Clip
Rock
Rap
Classical
Billboard
Country Music
Kpop
Taylor Swift
Random Quiz
Search Sporcle
×
Quiz Lab
Quiz Lab
Music
Song
Type in answers that appear in a list
Type in answers that appear in a list
Classic
Best Score? Go Orange.
Guess the Bruce Springsteen Lyrics 9 Stats
Can you name the lyrics for this Bruce Springsteen song?
By
GloryRoads
20m
261 Questions
936 Plays
936 Plays
936 Plays
Comments
Comments
Give Quiz Kudos
Give Quiz Kudos
-
- Ratings
hide this ad
Replay
Link that replays current quiz
Next Quiz
Link to next quiz in quiz playlist
You Got
0%
They Got
Avg Score
44%
Avg Friend Score
Upgrade to see
Score Distribution
Jump to the score distribution portion of the page
Score
0/261
Timer
20:00
0
Plays Today
Lyric
% Correct
a
96.8%
the
96.8%
the
96.8%
the
96.8%
and
96.8%
And
96.8%
A
96.8%
a
96.8%
the
96.8%
the
96.8%
and
96.8%
the
96.8%
the
96.8%
the
96.8%
And
96.8%
the
96.8%
the
96.8%
the
96.8%
the
96.8%
the
96.8%
the
96.8%
And
96.8%
the
96.8%
and
96.8%
and
96.8%
the
96.8%
the
96.8%
a
96.8%
the
96.8%
the
96.8%
And
96.8%
I
96.6%
I
96.6%
I
96.6%
I
96.6%
I
96.6%
I
96.6%
I
96.6%
I
96.6%
you
83.9%
you
83.9%
you
83.9%
you
83.9%
you
83.9%
in
78.4%
in
78.4%
in
78.4%
in
78.4%
in
78.4%
in
78.4%
in
78.4%
in
78.4%
we
76.6%
he
73.2%
me
71.6%
me
71.6%
me
71.6%
me
71.6%
me
71.6%
me
71.6%
on
68.2%
on
68.2%
on
68.2%
on
68.2%
on
68.2%
your
64.2%
your
64.2%
be
64.1%
it
63.8%
it
63.8%
it
63.8%
It
63.8%
It
63.8%
It
63.8%
it
63.8%
night
60.4%
night
60.4%
my
60.3%
my
60.3%
my
60.3%
my
60.3%
my
60.3%
my
60.3%
my
60.3%
Is
59.9%
Is
59.9%
is
59.9%
Lyric
% Correct
of
58.1%
Of
58.1%
of
58.1%
of
58.1%
of
58.1%
So
55.9%
When
54%
No
53%
no
53%
I'm
52%
I'm
52%
car
51.9%
that
51%
That
51%
that
51%
you're
49.7%
if
48.7%
They
45.5%
They
45.5%
was
45.3%
baby
45%
baby
45%
baby
45%
out
44.1%
out
44.1%
got
43.8%
got
43.8%
up
42.7%
up
42.7%
one
42.5%
one
42.5%
hear
41.2%
girl
41.1%
this
41%
what
40%
What
40%
who
38.2%
driving
37.4%
It's
37.2%
it's
37.2%
dark
36.2%
like
35.8%
could
35.5%
with
35.3%
With
35.3%
gonna
35%
gonna
35%
come
34%
say
33.2%
say
33.2%
say
33.2%
mine
32.9%
mine
32.9%
heart
32.2%
But
30.9%
But
30.9%
tonight
30.8%
tonight
30.8%
tonight
30.8%
born
29.7%
his
29.4%
hand's
29%
home
29%
highway
28.8%
by
28.8%
here
28.8%
highway
28.8%
hand
28.7%
hold
28.6%
dream
28.4%
over
28%
over
28%
back
27.9%
you'll
27.1%
eyes
26.9%
light
26.4%
light
26.4%
river
26.1%
river
26.1%
sound
25.9%
ain't
25.7%
ain't
25.7%
tell
25.5%
right
25.1%
last
25%
last
25%
old
24.1%
Lyric
% Correct
friend
23.8%
head
23.7%
wheel
23.1%
close
22.9%
arms
22.5%
big
22.2%
through
21.4%
through
21.4%
through
21.4%
through
21.4%
bed
21%
came
20.8%
die
20.1%
die
20.1%
lonely
20.1%
alone
19.1%
alone
19.1%
true
19.1%
That's
19%
valentine
18.9%
again
18.7%
dreams
18.2%
wasn't
17.7%
wasn't
17.7%
wasn't
17.7%
didn't
17.5%
stop
17.3%
wind
16.7%
really
15.6%
till
15.4%
forever
15.2%
miss
15.1%
miss
15.1%
father
14.6%
cold
14.2%
Left
14%
voice
13.9%
lazy
13.8%
felt
13.7%
felt
13.7%
straight
13.5%
darkness
13.5%
losin'
12.9%
rolled
12.9%
scares
12.6%
scares
12.6%
honey
12.5%
honey
12.5%
became
12.4%
steady
12.3%
cry
12.3%
tremblin'
12%
dreamed
12%
rushin'
11.8%
bust
11.8%
rushing
11.8%
rushing
11.8%
shining
11.2%
shinin'
11.2%
spoke
11.1%
mister
11%
great
10.9%
Route
10.8%
woke
10.6%
pines
10.5%
travels
10.5%
travels
10.5%
pounding
10.4%
39
10%
leaves
10%
fastest
9.9%
spooky
9.5%
God's
9.3%
scared
8.9%
jukebox
8.8%
fields
8.4%
timberwolf
8.2%
anew
8%
moonlight
7.8%
bitterness
7.7%
wayside
7.6%
bottom
7.6%
blown
6.9%
skies
6.8%
rivers
6.8%
grey
6.8%
breathin'
6.6%
Quiz Playlist
Details
Report
Send in Message
Add To Playlist
Classic:
Type in answers that appear in a list
Quiz Source
Last Updated: Feb 16, 2017
Quiz Scoreboard
CHALLENGE
Sign Up to Join the Scoreboard
Show All
Scores
Hide
Comments
May contain spoilers
Recently Published
Presidents Visiting Landmarks
by Hejman
History
7m
An Introduction to Baseball
by treessimontrees
Sports
5m
Movies - When Are They Set?
by FPL_Elf
Movies
5m
More to Explore
Quiz From the Vault
Featured Blog Post
Where Did the Easter Bunny Come From?
hide this ad
You Might Also Like...
Tags
Song Quiz
bruce
Bruce Springsteen
Today's Top Quizzes in Music
Browse Music
hide this ad
Today's Top Quizzes in Song
Browse Song
Top Contributed Quizzes in Music
1
Taylor Swift All Songs (2024)
2
Guess the Artist- 70s Songs
3
One Thing in Common: Music
4
KPOP LOGIC QUIZ
5
2010s Album by Cover III
6
Taylor Swift Logic Puzzle
7
Guess the Taylor Swift song (Mystery Song)
8
7-to-1: Billboard Hot 100 #1 Hits of 2010s
9
2010s Album by Cover IV
10
2010s Album by Cover V
Explore More
Trending Topics
Kpop
Anime
NBA
Crossword
Disney
Marvel
Harry Potter
NFL
Soccer
WWE
Song
Puzzle
Pokémon
The Office
Country
hide this ad
More By:
GloryRoads
Quiz
Plays
Rating
Category
Featured
Created
Guess the Bruce Springsteen Lyrics 6
1,666
4.75
Music
Oct 3, 2011
Guess the Bruce Springsteen Lyrics 4
1,469
4.60
Music
Sep 14, 2011
Guess the Bruce Springsteen Lyrics 8
1,120
4.00
Music
Feb 6, 2012
Guess the Bruce Springsteen Lyrics 9
936
3.33
Music
Feb 14, 2012
Guess the Bruce Springsteen lyrics 5
886
5.00
Music
Sep 16, 2011
Go to Creator's Profile
Score Distribution
Quiz Creator Spotlight
GloryRoads
Follow
Send a Message
Quizzes Created
-
Created Quiz Play Count
-
More By This Creator
Popular Quizzes Today
1
Find the US States - No Outlines Minefield
2
Find the Countries of Europe - No Outlines Minefield
3
The Countries of the World
4
Popular People in 1961
5
Find the US States
6
US States
7
Risky Map Clicking: Biggest States A-Z
8
1-10 Letter E Words III
More Music Quizzes
The Sporcle '90s Music Mystery
Editor's Pick
Trending Quizzes
Risky Map Clicking: Least Populous States A-Z
1-10 Letter F Words
1-10 Letter G Words
One Thing in Common: United Kingdom
Risky Map Clicking: Next State Alphabetically
Recently Updated
Leaping Animals
pecheneg
Reality TV Shows (A-Z)
bhenderson79
Rickey Henderson's Hall of Fame Teammates
pecheneg
Champions League XIs: Arsenal
pecheneg
Quick Pick: Celebrities in WWE's Hall of Fame
aduchscher
A-Z Keypad Blitz II
pecheneg
Multiple Oscar Actors
pecheneg
Mystery Phrase Blitz: Oscar 'Best Actors'
pecheneg
F. Scott Fitzgerald Novels
LTH
Pick 3 Villains
ddd62291
Trending Topics
Disney
NBA
Anime
Kpop
Crossword
Harry Potter
Marvel
Soccer
Pokémon
Song
The Office
Puzzle
WWE
Country
NFL
Your Account Isn't Verified!
In order to create a playlist on Sporcle, you need to verify the email address you used during registration. Go to your
Sporcle Settings
to finish the process.
Report this User
Report this user for behavior that violates our
Community Guidelines
.
Details:
Send Report
Go to the Sporcle.com Mobile Site →
Comments